The everyday, urban space and the state in Singapore : the body in practice /
محفوظ في:
| المؤلف الرئيسي: | |
|---|---|
| التنسيق: | أطروحة كتاب |
| اللغة: | English |
| منشور في: |
2000.
|
| الوسوم: |
إضافة وسم
لا توجد وسوم, كن أول من يضع وسما على هذه التسجيلة!
|
| LEADER | 00711cam a2200205 a 4500 | ||
|---|---|---|---|
| 001 | u489784 | ||
| 003 | SIRSI | ||
| 008 | 990921s2000 si 00 0 eng | ||
| 035 | |a ACR-5055 | ||
| 040 | |a UMM | ||
| 090 | |a GN6 |b NUS 2000 Niv | ||
| 100 | 0 | 0 | |a Niven Kumar. |
| 245 | 1 | 4 | |a The everyday, urban space and the state in Singapore : |b the body in practice / |c Niven Kumar. |
| 260 | |c 2000. | ||
| 300 | |a v, 197 leaves : |b ill. ; |c 30 cm. | ||
| 502 | |a Dissertation (M.Soc.Sc.) -- National University of Singapore, 2000. | ||
| 504 | |a Bibliography : leaves 180-186. | ||
| 948 | |a 02/11/2001 |b 07/11/2002 | ||
| 596 | |a 1 | ||
| 999 | |a GN6 NUS 2000 NIV |w LC |c 1 |i A510540373 |l B_KOM4 |m P01UTAMA |r Y |s Y |t TESIS |u 12/11/2002 |o .PUBLIC. BKOM 4 :43542 | ||
